| 000 | 00601nam a2200145Ia 4500 | ||
|---|---|---|---|
| 008 | 170221s9999 xx 000 0 und d | ||
| 100 | _aElena Eliseeva | ||
| 245 | _aTechnological and Methodological Approaches to the Design of Information and Educational Space of Modern High School | ||
| 245 | _cElena Eliseeva, Irina Shcherba, Svetlan Morozova, Elena Shadoba, Larisa Petukhova, Natalia Seregina | ||
| 260 | _bInternational Review of Management and Marketing | ||
| 260 | _cMay 2012 | ||
| 300 | _a1:1 | ||
| 650 | _xMarketing. | ||
| 856 | _uhttp://www.econjournals.com/index.php/irmm/issue/view/70 | ||
| 999 |
_c310408 _d310408 |
||